Регионална библиотека "Любен Каравелов" - Русе

Чугунное литье в русской архитектуре (Запис номер 210009)

MARC детайли
000 -Лидер
Контролно поле с фиксирана дължина 01497nkm a2200337 c 4500
003 - Код на организацията, давaща контролен номер
Контролно поле BLK
005 - Дата и час на последна редакция
Контролно поле 20210210154057.0
008 - Елементи от данни с фиксирана дължина
fixed length control field 180412b bul rap|r|||| r0| ||bulo|
010 ## - Наследен системен номер
LC control number KNG00160916000
040 ## - Източник на каталожния запис
Идентификатор на билиотеката - собственик на записа BLK
041 ## - Код за език
Код за езика на текст/звукозапис или на отделно заглавие Руски
Код за езика КДБФ Руски
080 ## - УДК
Текстов определител УДК Художествени метални изделия - Щамповани, ковани и изляти художествени метални изделия
УДК код - определител по УДК 739.4
УДК определител :72
УДК - код + определител 739.4:72
100 1# - Редна дума - Автор
Автор Соболев, Николай Николаевич
Авторска отговорност първи автор
R(LIN) 352258
139 ## - Редно поле
Редна дума Соболев, Николай Николаевич
Авторски знак Со - С 49
245 10 - Сведения за заглавието
Заглавие Чугунное литье в русской архитектуре
Редно поле (дума) Николай Николаевич Соболев.
257 ## - Страна на издаване
Страна на създаване/издаване СССР
260 ## - Област на издателските данни
Име на издателя, разпространителя и проч. Гос. изд. архитектуры и градостроительса
Година на издаване 1951
Място на издаване, разпространение и проч. Москва
300 ## - Физическа характеристика
Страници 206 с.
Илюстрации и др. с ил.
Размери/Мащаб 30 см
380 ## - Жанр
Жанр Изкуство
500 ## - Общи забележки
Забележка Списък на ил. - 7 000 тир.
650 #4 - Допълнително описание по предмет – тема
Основно описание – тема или топоним Художествена обработка на метали
9 (RLIN) 304872
653 ## - Ключова дума – ненормативна
Ключова дума обработка на метали
653 ## - Ключова дума – ненормативна
Ключова дума архитектура
653 ## - Ключова дума – ненормативна
Ключова дума метални пластики
653 ## - Ключова дума – ненормативна
Ключова дума ковано желязо
852 ## - Местоположение
Форматна сигнатура Цб ІІ 26027
Фондова буква Хранилище
856 4# - Електронен адрес и достъп
Електронен формат pdf - файл
Път до файла /url/
856 4# - Електронен адрес и достъп
Електронен формат pdf - файл
Път до файла /url/
999 ## - СИСТЕМНИ КОНТРОЛНИ НОМЕРА
Koha biblionumber 210009
Koha biblioitemnumber 210009
942 ## - АРТИКУЛИ
Вид на библиотечния материал Графични издания
Скрит в OPAC Не
Периодичен библиозапис Да
944 ## - СЪЗДАВАНЕ И РЕДАКЦИЯ на ЗАПИСА
Създаване/Редакция Създаване
Дата на регистрацията/редакция 16.05.2014
Статус, дата на статуса 16.05.2014 - от С1,Р / 16.05.2014
Служител, извършил регистрацията/редакцията Камелия_Данева
944 ## - СЪЗДАВАНЕ И РЕДАКЦИЯ на ЗАПИСА
Създаване/Редакция Редакция
Дата на регистрацията/редакция 16.05.2014
Статус, дата на статуса 16.05.2014 - от С1,Р / 16.05.2014
999 ## - СИСТЕМНИ КОНТРОЛНИ НОМЕРА
Koha biblioitemnumber 210009
Наличности
Код за отписване Код за изгубен артикул Източник на класификационната схема Код за повреда Коз за рестрикции Код за отдаване Артикулен № Име на библиотеката - собственик Име на библиотеката, в която се намира в момента Статус (Текущо местоположение) Дата на вписване в системата Местоположение - отдел Цена в лева Инвентарен номер Систематично азбучна сигнатура Баркод Номер на екземпляра Цена в евро Служебна бележка Служебен тип на артикула
Изтеглен Не е изгубен Universal Decimal Classification Не е повреден без рестрикции ползва се в читалня 361483 Регионална библиотека "Любен Каравелов" Русе Регионална библиотека "Любен Каравелов" Русе Отдел Изкуство - читалня 1951-01-01 Отдел Изкуство - читалня 10.00 654388 ГрИ 739/С 49 654388 1 5.11 Дост: Pk Вид: Ф N: стар фонд Дата: 01.01.1951 Дата инв: 03.06.2015 Бележки инв: ГрИ2015 Графични издания
  Не е изгубен Universal Decimal Classification Не е повреден без рестрикции ползва се в читалня 361484 Регионална библиотека "Любен Каравелов" Русе Регионална библиотека "Любен Каравелов" Русе Хранилище 1951-01-01 Основен фонд - ползва се само за читалня 3.20 1195/54 Цб ІІ 26027 900000038331 2 1.64 Дост: Pk Вид: Ф N: стар фонд Дата: 01.01.1951 Графични издания
Vip Innovations Ltd, Rousse, Bulgaria 2025